Michael Kohlhaas /

Bibliographic Details
Main Author: Kleist, Heinrich von, 1777-1811
Other Authors: Wilson, F. W. (Editor)
Format: Book
Language:English
Published: London : Macmillan, [1910]
Series:Siepmann's advanced German series.

MARC

Tag First Indicator Second Indicator Subfields
LEADER 00000cam a2200000 4500
001 in00001133607
005 20150930085407.0
008 850625s1910 enk 000 0 eng d
035 |a (OCoLC)12194535 
035 |9 AFX8929AM 
040 |a CDS  |c CDS  |d TXA  |d UtOrBLW 
049 |a TXAM 
090 |a PT2378.M6  |b W5 1910 
100 1 |a Kleist, Heinrich von,  |d 1777-1811. 
245 1 0 |a Michael Kohlhaas /  |c von Heinrich von Kleist ; adapted and edited by F.W. Wilson. 
264 1 |a London :  |b Macmillan,  |c [1910] 
264 4 |c [©1910] 
300 |a 205 pages ;  |c 18 cm. 
336 |a text  |b txt  |2 rdacontent 
337 |a unmediated  |b n  |2 rdamedia 
338 |a volume  |b nc  |2 rdacarrier 
490 1 |a Siepmann's advanced German series 
500 |a Text in German ; preface, introduction, notes, and appendices in English. 
700 1 |a Wilson, F. W.,  |e editor. 
830 0 |a Siepmann's advanced German series. 
999 |a MARS 
999 f f |s 6f50a62e-effd-3b61-a5be-0f764d65f403  |i a125acf5-fbc4-33ef-af01-f417372fca08  |t 0 
952 f f |p normal  |a Texas A&M University  |b College Station  |c Sterling C. Evans Library  |d Evans: Library Stacks  |t 0  |e PT2378.M6 W5 1910  |h Library of Congress classification  |i unmediated -- volume  |m A14817460072 
998 f f |a PT2378.M6 W5 1910  |t 0  |l Evans: Library Stacks